000 01059nam a2200241Ia 4500
003 Ost
005 20260507075237.0
008 260507s9999||||xx |||||||||||||| ||und||
020 _a4462499579
040 _cfsecg
041 _aara
082 _a330
100 _aعليان، ربحي مصطفى
_eمؤلف
245 0 _aأسس التسويق المعاصر /
_c ربحي مصطفى عليان
260 _aعمان:
_bدار صفاء,
_c2009
300 _a456 صفحة؛
_bإيضاحات ؛
_c24 سم
504 _aمراجع ص.451
520 _aالتسويق : مفهومه ، تطوره ، وظائفه، البئة التسويقية ، المنتج ، التسعير ، الترويج، الاعلان ، العلاقات العامة ، تسويق الخدمات ، التسويق الالكتروني عبر الانترنيت ، بحوث التسويق و نظام المعلومات التسويقي .
653 _aإدارة الاعمال
653 _aأدارة المبيعات
653 _aالتسويق
942 _cكتاب
999 _c43594
_d43594